Changing times (Record no. 77557)
[ view plain ]
| 000 -LEADER | |
|---|---|
| fixed length control field | 01016cab a2200217 4500 |
| 001 - CONTROL NUMBER | |
| control field | ##L134541 |
| 008 - FIXED-LENGTH DATA ELEMENTS--GENERAL INFORMATION | |
| fixed length control field | 060815n2006 000 0 eng u |
| 035 ## - SYSTEM CONTROL NUMBER | |
| System control number | (Sirsi) u134541 |
| 041 0# - LANGUAGE CODE | |
| Language code of text/sound track or separate title | eng |
| 100 1# - MAIN ENTRY--PERSONAL NAME | |
| Personal name | Marchant, Eric |
| 245 00 - TITLE STATEMENT | |
| Title | Changing times |
| 260 ## - PUBLICATION, DISTRIBUTION, ETC. | |
| Date of publication, distribution, etc. | 2006 |
| 490 #0 - SERIES STATEMENT | |
| Series statement | Fire Prevention and Fire Engineers Journal |
| Volume/sequential designation | 66(271) August 2006, 44-45(2) |
| 520 ## - SUMMARY, ETC. | |
| Summary, etc. | Provides an overview of the challenges facing fire safety engineers when changes are made to buildings, particularly historic buildings. Discusses the special factors to be considered when carrying out a fire risk assessment of heritage buildings, and the types of changes that can be carried out. Also assesses the likely impact of the Regulatory Reform (Fire Safety) Order 2005 and the Fire (Scotland) Act 2005. |
| 590 ## - LOCAL NOTE (RLIN) | |
| Local note | IKA220806 |
| 650 24 - SUBJECT ADDED ENTRY--TOPICAL TERM | |
| Topical term or geographic name entry element | REGULATORY REFORM (FIRE SAFETY) ORDER 2005 |
| 650 24 - SUBJECT ADDED ENTRY--TOPICAL TERM | |
| Topical term or geographic name entry element | FIRE (SCOTLAND) ACT 2005 |
| 651 #4 - SUBJECT ADDED ENTRY--GEOGRAPHIC NAME | |
| Geographic name | GREAT BRITAIN |
| 690 ## - LOCAL SUBJECT ADDED ENTRY--TOPICAL TERM (OCLC, RLIN) | |
| Topical term or geographic name as entry element | MANAGEMENT-HEALTH AND SAFETY-FIRE SAFETY |
| 942 ## - ADDED ENTRY ELEMENTS (KOHA) | |
| Suppress in OPAC | 0 |
| Withdrawn status | Lost status | Source of classification or shelving scheme | Damaged status | Not for loan | Home library | Current library | Shelving location | Date acquired | Total Checkouts | Full call number | Barcode | Date last seen | Copy number | Price effective from | Koha item type |
|---|---|---|---|---|---|---|---|---|---|---|---|---|---|---|---|
| Dewey Decimal Classification | London | London | Journal article | 15/08/2006 | L134541 | 134541-1001 | 06/08/2019 | 1 | 06/08/2019 | Journal article |